Statistics for Countries that border 2 countries

Click here to take the quiz!

General Stats

  • This quiz has been taken 26 times
  • The average score is 20 of 27

Answer Stats

Country% Correct
Sweden
100%
United States
96%
Estonia
91%
Mongolia
91%
Panama
91%
Andorra
87%
Belize
87%
Bhutan
87%
Costa Rica
83%
Nepal
83%
El Salvador
78%
Liechtenstein
78%
Nicaragua
78%
Eswatini
74%
Tunisia
74%
Uruguay
74%
Yemen
74%
Guinea-Bissau
70%
Kuwait
70%
Ecuador
65%
Equatorial Guinea
65%
Lebanon
65%
United Arab Emirates
65%
Denmark
61%
Moldova
57%
Sierra Leone
48%
Canada
35%

Score Distribution

Percentile by Number Answered

Percent of People with Each Score

Your Score History

You have not taken this quiz